000 00690nam a22002417a 4500
001 0011796
003 DO-SdBNP
005 20180212130502.0
007 0011796
008 161121b 1996 sp||||| |||| 00| 0 spa d
020 _a9788421622698
040 _aBPMSU
_bspa
_cBPMSU
082 _axxxxxxxxxx
_bxxxxxxxxxx
100 1 _aSowler, Sande
245 1 0 _aAsombrosos animales miméticos /
_bSandie Sowler ; fotografías Jerry Young
300 _a30 p. :
_bil.,
_c25 cm.
490 1 _aMundos asombrosos
_v16
700 _aYoung, Jerry
_efotografías
830 0 _aMundos asombrosos
_v16
942 _2ddc
_cBK
945 _ainventariado, 2018 / dg
956 _aBTAVÁREZ
_b10
_c20161121
_d0011796
999 _c12013
_d12013